000 01845ncm0a22004091 4500
001 RU\NLR\ONIZ\223580
005 20250626112525.0
013 _a979-0-9003254-6-4
021 _aRU
_b18-88
_918-НО-П-6
035 _aRU\NLR\ONIZ\GALA\5000032839\20180508135957
035 _a(NLR Aleph) 011695353
071 2 0 _aВ0074С
090 _a11361045
_c11361045
100 _a20140610d2018 |||y0rusy50 ca
101 0 _arus
102 _aRU
125 _axx
200 1 _aШкола игры на синтезаторе
_bНоты
_eучеб.-метод. пособие для преподавателей и уч-ся ДМШ и ДШИ
_fИ. М. Красильников, А. А. Алемская, И. Л. Клип
_gпод. ред. И. М. Красильникова
210 _aМосква
_cВладос
_d2018
215 _a207 с.
_d29 см
225 1 _aБиблиотека ДМШ
606 1 _aЭлектронная музыка. Синтезатор. Школа игры
_yРоссия
_z20-21 век
_jНоты
_2nlr_sh
686 _aЩ959.191 синтезатор
_vLBC/SL
_2rubbk
700 1 _9z08790
_aКрасильников
_bИ. М.
_f1952–
_gИгорь Михайлович
_4340
_4220
_7ca
701 1 _9z09790
_aАлемская
_bА. А.
_gАнна Анатольевна
_4220
_7ca
701 1 _9z10790
_aКлип
_bИ. Л.
_f1971-
_gИрина Ленгиновна
_4220
_7ca
790 1 _9z08700
_aKrasil`nikov
_bI. M.
_f1952–
_gIgor` Michajlovič
_4340
_4220
_7ba
790 1 _9z09701
_aAlemskaja
_bA. A.
_gAnna Anatol`evna
_4220
_7ba
790 1 _9z10701
_aKlip
_bI. L.
_gIrina Lenginovna
_4220
_7ba
801 0 _aRU
_bNLR
_c20140610
_gPSBO
801 1 _aRU
_bNLR
_c20140610
_2rusmarc
801 2 _aRU
_bNLR
_c20180823
852 _aNLR
_bМ
_j3/11869
_pМОЭ 2018-НО-П-6/88
_t1
942 _cSCORE
980 _aNB
980 _aONIZ